Т. 65, № 4; Акустический журнал

書誌詳細
Parent link:Акустический журнал: научно-технический журнал/ Российская академия наук (РАН). Т. 65, № 4.— , 1955-.— 0320-7919
言語:ロシア語
出版事項: 2019
主題:
オンライン・アクセス:http://www.akzh.ru/htm/2019_4.htm
https://elibrary.ru/contents.asp?id=37713781
フォーマット: 電子媒体 図書
KOHA link:https://koha.lib.tpu.ru/cgi-bin/koha/opac-detail.pl?biblionumber=584429

MARC

LEADER 00000nam2a2200000 4500
001 584429
005 20231101131139.0
035 |a (RuTPU)RU\TPU\prd\286000 
035 |a RU\TPU\prd\284831 
090 |a 584429 
100 |a 20191107a19559999k y0rusy50 ca 
101 0 |a rus 
102 |a RU 
181 0 |a i  
182 0 |a b 
200 0 |a Т. 65, № 4  |b Электронный ресурс 
203 |a Текст  |c электронный 
210 |d 2019 
461 1 |0 (RuTPU)RU\TPU\prd\1298  |x 0320-7919  |t Акустический журнал  |o научно-технический журнал  |f Российская академия наук (РАН)  |v Т. 65, № 4  |d 1955- 
610 1 |a электронный ресурс 
801 0 |a RU  |b 63413507  |c 20010227  |g PSBO 
801 1 |a RU  |b 63413507  |c 20170323 
801 2 |a RU  |b 63413507  |c 20221206  |g RCR 
856 4 0 |u http://www.akzh.ru/htm/2019_4.htm 
856 4 0 |u https://elibrary.ru/contents.asp?id=37713781 
942 |c BK